Musique québécoise - Statistiques

Statistiques générales
  • Ce quiz a été pris 500 fois
  • Le résultat moyen est 19 sur 50
Statistiques - réponses
Chansons Chanteurs % Correct
My Heart Will Go On Céline Dion
88%
La rue principale Les Colocs
68%
Coton Ouaté Bleu Jeans Bleu
65%
Ma gueule Éric Lapointe
64%
J'en ai plein mon cass Émile Bilodeau
61%
On va s'aimer encore Vincent Vallières
61%
Toutes les femmes savent danser Loud
58%
Provocante Marjo
58%
Gens du pays Gilles Vigneault
53%
Fille de personne II Hubert Lenoir
53%
Je t'aime comme un fou Robert Charlebois
53%
Nous sommes les mêmes Marc Dupré
51%
Miami Ariane Moffat
50%
Le petit bonheur Félix Leclerc
50%
Entre Matane et Baton Rouge Isabelle Boulay
49%
23 décembre Beau Dommage
48%
On leur a fait croire Alex Nevsky
47%
Deux par deux rassemblé Pierre Lapointe
47%
Le but Loco Locass
46%
C'est moi Marie Mai
46%
Gayé Fouki
45%
L'essentiel Ginette Reno
44%
Hallelujah Leonard Cohen
44%
Mécanique générale Patrice Michaud
41%
Heureux d'un printemps Paul Piché
41%
Pour un instant Harmonium
38%
Bonjour la police RBO
38%
Mappemonde Les Soeurs Boulay
35%
Sunglasses at Night Corey Hart
33%
Tu m'aimes tu Richard Desjardins
32%
Faufile Charlotte Cardin
30%
J'entends frapper Michel Pagliaro
30%
Je voudrais voir la mer Michel Rivard
30%
Journée d'Amérique Richard Séguin
30%
Chu un rocker Gerry Boulet
29%
L'amour Karim Ouellet
27%
Montréal Nord Koriass
26%
Les fleurs de macadam Jean-Pierre Ferland
25%
J'ai souvenir encore Claude Dubois
24%
33 tours Deux Frères
22%
Adieu Coeur de Pirate
21%
Frédérique Claude Léveillée
20%
Quand les hommes vivront d'amour Raymond Lévesque
20%
J'aime les oiseaux Yann Perreault
17%
T'es ma femme, t'es la plus belle Étienne Drapeau
11%
Desert Song Ludovick Bourgeois
11%
Alice Philippe Brach
11%
On perd la tête LGS
5%
Vraiment Légendaire Les Anticipateurs
3%
Burnout fugue Alexandra Strélisky
2%
Aucun quiz correspondant
Distribution des résultats
% des personnes avec chaque résultat
Percentile par nombre de réponses
Votre historique - résultats
Vous n’avez pas pris ce quiz